Can you guess the Gracie Abrams song from the acronym? - Statistics

General Stats
  • This quiz has been taken 680 times
  • The average score is 6 of 7
Answer Stats
Acronym Song % Correct
ILYIS I Love You, I'm Sorry
100%
IMYIS I miss you, I'm sorry
98%
IKIIKY I Knew It, I Know You
89%
WDWGN Where do we go now?
89%
GYIGYI Gave You I Gave You I
88%
IKIWW I know it won't work
87%
TIWTDAF This is what the drugs are for
80%
No matching quizzes found
Score Distribution
Percent of People with Each Score
Percentile by Number Answered
Your Score History
You have not taken this quiz